|
|
|
|
| LEADER |
00791naa a2200193 i 4500 |
| 001 |
publ15911 |
| 005 |
20190702142639.0 |
| 008 |
190702s2017 hu o 0|| magyar d |
| 020 |
|
|
|a 9786155585043
|
| 024 |
7 |
|
|a 3301997
|2 mtmt
|
| 040 |
|
|
|a SZTE Publicatio Repozitórium
|b hun
|
| 041 |
|
|
|a magyar
|
| 100 |
1 |
|
|a Ferwagner Péter Ákos
|
| 245 |
1 |
2 |
|a A migráció és a rasszizmus történelmi összefüggései Franciaországban
|h [elektronikus dokumentum] /
|c Ferwagner Péter Ákos
|
| 260 |
|
|
|a Honvéd Vezérkar Tudományos Kutatóhely (HVK TKH)
|b Budapest
|c 2017
|
| 300 |
|
|
|a 14
|
| 300 |
|
|
|a 45-58
|
| 490 |
0 |
|
|a Szemelvények a XXI. századi migráció témaköréből
|
| 856 |
4 |
0 |
|u http://publicatio.bibl.u-szeged.hu/15911/6/SzemelvenyekaXXI.szazadimigraciotemakorebol_ferwagner.pdf
|z Dokumentum-elérés
|